| 000 | 00528nam a2200145Ia 4500 | ||
|---|---|---|---|
| 008 | 100204s9999 xx 000 0 und d | ||
| 082 | _b17527 | ||
| 100 | _aभिडे श्री. र. | ||
| 245 | _aनल - दमयंती स्वयंवर | ||
| 260 |
_b"सौमय्याा पब्लिकेशन्स , मुंबई" _c1971 |
||
| 300 | _a140 | ||
| 630 | _aनल - दमयंती स्वयंवर | ||
| 730 | _aनल - दमयंती स्वयंवर | ||
| 942 | _cBOOK | ||
| 999 |
_c461950 _d461947 |
||